[Event "Ramadan Master Open"]
[Site "Abu Dhabi UAE"]
[Date "2010.08.12"]
[Round "1"]
[White "Korobov,A"]
[Black "Sharbaf,M"]
[Result "1-0"]
[WhiteElo "2657"]
[BlackElo "2370"]
[EventDate "2010.08.12"]

1. d4 Nf6 2. c4 e6 3. Nc3 Bb4 4. e3 b6 5. Nge2 Ne4 6. Bd2 Nxd2 7. Qxd2 Bb7
8. a3 Be7 9. d5 O-O 10. g3 c5 11. Bg2 d6 12. O-O e5 13. f4 exf4 14. gxf4
Re8 15. Ng3 Bf8 16. e4 g6 17. e5 Bh6 18. Qf2 f5 19. e6 Na6 20. Kh1 Nc7 21.
Qd2 Qf6 22. Qd3 Re7 23. Rad1 Ne8 24. b4 Rc8 25. Nge2 Ba6 26. b5 Bb7 27. a4
a5 28. Qg3 Nc7 29. h4 Kf8 30. Qh3 Rg7 31. h5 gxh5 32. Bf3 Rg4 33. Ne4 fxe4
34. Bxg4 hxg4 35. Qxg4 e3 36. Kh2 Bg7 37. Ng3 Qh6+ 38. Nh5 Ne8 39. Rg1 Rc7
40. Qf5+ Bf6 41. Rde1 Ke7 42. Rg8 Ng7 43. Qxf6+ Qxf6 44. Rxg7+ 1-0

[Event "Ramadan Master Open"]
[Site "Abu Dhabi UAE"]
[Date "2010.08.12"]
[Round "1"]
[White "Anastasian,A"]
[Black "Koohestani,S"]
[Result "1-0"]
[WhiteElo "2578"]
[BlackElo "2345"]
[EventDate "2010.08.12"]

1. d4 Nf6 2. c4 e6 3. Nc3 Bb4 4. Qc2 O-O 5. Bg5 Bxc3+ 6. bxc3 d6 7. e3 c5
8. Bd3 h6 9. Bh4 e5 10. Ne2 Re8 11. f3 exd4 12. exd4 cxd4 13. cxd4 Nc6 14.
O-O Nb4 15. Qd2 Nxd3 16. Qxd3 b6 17. d5 Bf5 18. Qd1 Re3 19. Qd2 Rd3 20. Qb2
Qe7 21. Bf2 b5 22. Nd4 Bg6 23. Nc6 Qb7 24. Bd4 Nh5 25. cxb5 Nf4 26. Rfe1
Nxd5 27. Bxg7 Kh7 28. Bd4 a6 29. a4 Rg8 30. Bf2 axb5 31. axb5 Qd7 32. Nb4
Nxb4 33. Qxb4 Bh5 34. Ra7 Qc8 35. Rxf7+ Rg7 36. Rxg7+ Kxg7 37. b6 Qb7 38.
Bd4+ 1-0

[Event "Ramadan Master Open"]
[Site "Abu Dhabi UAE"]
[Date "2010.08.12"]
[Round "1"]
[White "Amin,B"]
[Black "Salem,Gh"]
[Result "1-0"]
[WhiteElo "2568"]
[BlackElo "2302"]
[EventDate "2010.08.12"]

1. e4 d5 2. exd5 Qxd5 3. Nc3 Qd6 4. d4 c6 5. Nf3 Nf6 6. Ne5 g6 7. Bf4 Nh5
8. Be3 Nd7 9. Be2 Nhf6 10. Bf4 Qb4 11. Nc4 Nd5 12. Bd2 1-0

[Event "Ramadan Master Open"]
[Site "Abu Dhabi UAE"]
[Date "2010.08.12"]
[Round "1"]
[White "Antonio,V"]
[Black "Arun Prasad,S"]
[Result "1/2-1/2"]
[WhiteElo "2208"]
[BlackElo "2535"]
[EventDate "2010.08.12"]

1. e4 c5 2. Nf3 d6 3. d4 cxd4 4. Nxd4 Nf6 5. Nc3 a6 6. Be2 e6 7. O-O Qc7 8.
f4 Be7 9. Bf3 Nc6 10. Be3 Na5 11. Kh1 g6 12. a4 Nc4 13. Bc1 e5 14. Nde2 Qb6
15. Qd3 Qc7 16. f5 Nb6 17. Bg5 Nbd7 18. Bg4 Qd8 19. fxg6 hxg6 20. Qf3 Rh7
21. Bxd7+ Nxd7 22. Bxe7 Qxe7 23. Nd5 Qh4 24. h3 Kf8 25. Rad1 b6 26. Qa3 Nc5
27. Nf6 Rh8 28. Rxd6 Kg7 29. Rxb6 Nxe4 30. Qe7 Bf5 31. Nd5 Qxe7 32. Nxe7
Bg4 33. Kg1 Be6 34. Re1 Rhe8 35. Nc6 Bd5 36. Nb4 Be6 37. Nxa6 Rec8 38. Nc1
Rxc2 39. Nd3 Nf6 40. Nxe5 Nd5 41. Nb4 Rxg2+ 42. Kxg2 Nxb6 43. Ra1 Rxa4 44.
Rxa4 Nxa4 45. Ned3 Kf6 46. h4 Kf5 47. Kf3 f6 48. Nc2 Bd5+ 49. Kg3 Ke4 50.
Nf2+ Ke5 51. Ng4+ Ke6 52. Nd4+ Ke7 53. b4 Nb6 54. b5 Nc4 55. Kf4 Bb7 56.
Nc6+ Bxc6 1/2-1/2

[Event "Ramadan Master Open"]
[Site "Abu Dhabi UAE"]
[Date "2010.08.12"]
[Round "1"]
[White "Sturua,Z"]
[Black "Faisal,Ab"]
[Result "1-0"]
[WhiteElo "2512"]
[BlackElo "2282"]
[EventDate "2010.08.12"]

1. d4 d5 2. c4 Nc6 3. Nf3 Bg4 4. Nc3 Bxf3 5. gxf3 e6 6. Bf4 Bd6 7. Bg3 Nge7
8. e3 Qd7 9. a3 h5 10. Rc1 h4 11. Bxd6 Qxd6 12. f4 f6 13. Bh3 Kf7 14. Rg1
a6 15. Na4 Rag8 16. Nc5 Nd8 17. cxd5 exd5 18. Qb3 b6 19. Ne4 1-0

[Event "Ramadan Master Open"]
[Site "Abu Dhabi UAE"]
[Date "2010.08.12"]
[Round "1"]
[White "Gabuzyan,H"]
[Black "Guliev,Sarh"]
[Result "1/2-1/2"]
[WhiteElo "2261"]
[BlackElo "2485"]
[EventDate "2010.08.12"]

1. e4 e5 2. Nf3 Nc6 3. Bb5 d6 4. O-O Nf6 5. d4 Bd7 6. Nc3 exd4 7. Nxd4 Be7
8. Nf5 Bxf5 9. exf5 O-O 10. Re1 a6 11. Bf1 Re8 12. g4 h6 13. Bg2 Qd7 14.
Bf4 Bf8 15. h3 Rxe1+ 16. Qxe1 Re8 17. Qd2 b5 18. a4 Ne5 19. axb5 axb5 20.
b3 c6 21. Qd4 c5 22. Qd2 b4 23. Nd5 Nxd5 24. Qxd5 h5 25. Qd1 hxg4 26. hxg4
Nc6 27. Be3 Rd8 28. Ra6 d5 29. Qxd5 Qxd5 30. Bxd5 Ne5 31. Bc4 Nxg4 32. Bf4
Rd4 33. Bg3 Nh6 34. Bd3 Rxd3 35. cxd3 Nxf5 36. Be5 f6 37. Bb2 Kf7 38. Kg2
Bd6 39. Kf3 Ke6 40. Ke4 g5 41. Kf3 Kf7 42. Ra7+ Be7 43. Ba1 Ke6 44. Kg4 Ng7
45. Ra6+ Kf7 46. Kf3 f5 47. Bxg7 Kxg7 48. Rc6 Kf7 49. Ke3 Bf8 50. Rc8 Be7
51. d4 cxd4+ 52. Kxd4 Bf6+ 53. Kd5 Bc3 54. Rc6 g4 55. Re6 Bd4 56. Re2 Bc3
57. Re3 Kf6 58. f3 Kg5 59. fxg4 Kf4 60. Re8 fxg4 61. Rf8+ Ke3 62. Re8+ Kf3
63. Rf8+ 1/2-1/2

[Event "Ramadan Master Open"]
[Site "Abu Dhabi UAE"]
[Date "2010.08.12"]
[Round "1"]
[White "Tissir,M"]
[Black "El Arousy,A"]
[Result "1-0"]
[WhiteElo "2466"]
[BlackElo "2251"]
[EventDate "2010.08.12"]

1. e4 e6 2. d4 d5 3. Nd2 Nf6 4. e5 Nfd7 5. Bd3 c5 6. c3 b6 7. Ne2 Ba6 8.
Bxa6 Nxa6 9. O-O Nc7 10. f4 g6 11. Kh1 c4 12. b3 b5 13. bxc4 bxc4 14. Qa4
Be7 15. Rb1 Qc8 16. g4 O-O 17. f5 Nb6 18. Qc2 gxf5 19. gxf5 f6 20. Nf3 Kh8
21. Rg1 Qd7 22. Bh6 Rg8 23. Nf4 Rxg1+ 24. Rxg1 Bf8 25. exf6 Bxh6 26. Ne5
Qe8 27. Qg2 Nd7 28. f7 Qd8 1-0

[Event "Ramadan Master Open"]
[Site "Abu Dhabi UAE"]
[Date "2010.08.12"]
[Round "1"]
[White "Omearat,A"]
[Black "Raetsky,A"]
[Result "1/2-1/2"]
[WhiteElo "2218"]
[BlackElo "2442"]
[EventDate "2010.08.12"]

1. Nf3 d5 2. c4 d4 3. e3 Nc6 4. b4 dxe3 5. fxe3 Nxb4 6. d4 e5 7. a3 Nc6 8.
Be2 e4 9. Nfd2 f5 10. d5 Ne5 11. Bb2 Qh4+ 12. g3 Qe7 13. Nc3 Nf6 14. Nb3 g6
15. Nb5 1/2-1/2

[Event "Ramadan Master Open"]
[Site "Abu Dhabi UAE"]
[Date "2010.08.12"]
[Round "1"]
[White "Narayanan,Sr"]
[Black "Khouri,I"]
[Result "1/2-1/2"]
[WhiteElo "2409"]
[BlackElo "2208"]
[EventDate "2010.08.12"]

1. e4 c5 2. Nf3 d6 3. d4 cxd4 4. Nxd4 Nf6 5. Nc3 Nc6 6. Bg5 e6 7. Qd2 a6 8.
O-O-O Bd7 9. f3 Be7 10. h4 Rc8 11. Nxc6 Bxc6 12. Kb1 b5 13. Ne2 d5 14. e5
Nd7 15. Bxe7 Qxe7 16. Qe3 Nc5 17. b3 Bd7 18. Nd4 f6 19. Bd3 O-O 20. h5 b4
21. exf6 Qxf6 22. Rhe1 a5 23. Qe5 a4 24. g4 Kh8 25. g5 Qxe5 26. Rxe5 Rf4
27. Be2 Rh4 28. g6 Rf8 29. c3 axb3 30. cxb4 Na4 31. Re3 bxa2+ 32. Kxa2 e5
33. Nc2 d4 34. Rxe5 Nc3+ 35. Kb3 Ba4+ 36. Kb2 Nxd1+ 37. Bxd1 d3 38. Ne3
Bxd1 39. Nxd1 Rxb4+ 40. Kc3 Rbf4 41. Kxd3 Rxf3+ 42. Ne3 hxg6 43. hxg6 R3f6
44. Rg5 Rd8+ 45. Nd5 Kg8 46. Ke4 Re6+ 47. Kf3 Rf8+ 48. Nf4 Ra6 49. Kg4 Ra1
50. Nh3 Rf6 51. Kh4 Kf8 52. Rg4 Raf1 53. Kg5 R1f5+ 54. Kh4 Ke7 55. Rg3
1/2-1/2

[Event "Ramadan Master Open"]
[Site "Abu Dhabi UAE"]
[Date "2010.08.12"]
[Round "1"]
[White "Ibrahim,I UAE"]
[Black "Sarwat,W"]
[Result "1/2-1/2"]
[WhiteElo "2157"]
[BlackElo "2379"]
[EventDate "2010.08.12"]

1. e4 e5 2. Nf3 Nc6 3. Bc4 Nf6 4. Ng5 d5 5. exd5 b5 6. Bxb5 Qxd5 7. Nc3
Qxg2 8. Qf3 Qxf3 9. Nxf3 Bd7 10. O-O Bd6 11. Re1 O-O 12. Bxc6 Bxc6 13. Nxe5
Rfe8 14. d4 Re6 15. Bf4 Bb7 16. Bg3 Bb4 17. Nd3 Bxc3 18. Rxe6 Bxb2 19. Rb1
fxe6 20. Rxb2 Bd5 21. Bxc7 Ne4 22. Ne5 Nc3 23. Ba5 Ne2+ 24. Kf1 Nxd4 25. c4
Be4 26. c5 Nc6 27. Nxc6 Bxc6 28. Bc7 Kf7 29. Ke2 g5 30. Ke3 Ke7 31. Bd6+
Kd7 32. Rb4 Rg8 33. Rb3 a5 34. Rb6 a4 35. a3 Rg7 36. Ra6 Rf7 37. Ra7+ Ke8
38. Rxf7 Kxf7 39. Kd4 Kf6 40. Kc4 e5 41. Kb4 Ke6 42. Ka5 Kd5 43. Kb6 Be8
44. Be7 h6 45. Bf8 h5 46. Be7 g4 47. Bh4 Bd7 48. Bg3 e4 49. Bh4 1/2-1/2

[Event "Ramadan Master Open"]
[Site "Abu Dhabi UAE"]
[Date "2010.08.13"]
[Round "2"]
[White "Amin,B"]
[Black "Korobov,A"]
[Result "1-0"]
[WhiteElo "2568"]
[BlackElo "2657"]
[EventDate "2010.08.12"]

1. e4 c5 2. Nf3 d6 3. c3 Nf6 4. g3 Nc6 5. Qe2 g6 6. Bg2 Bg7 7. O-O O-O 8.
Rd1 Qb6 9. h3 Be6 10. d4 cxd4 11. cxd4 d5 12. e5 Ne4 13. Nc3 Rad8 14. Be3
Nxc3 15. bxc3 Na5 16. Ng5 Bc8 17. Rab1 Qc6 18. h4 Qxc3 19. Rdc1 Qa3 20. Rc5
e6 21. h5 h6 22. hxg6 hxg5 23. Bxg5 fxg6 24. Bxd8 Rxd8 25. Qc2 Nc6 26. Rd1
Bd7 27. Bh3 Qf3 28. Rc3 Qh5 29. Kg2 Rf8 30. Rb3 Bc8 31. Qd3 Na5 32. Rc3 Nc4
33. Rh1 Qg5 34. Qe2 b5 35. Bg4 b4 36. f4 Qe7 37. Rf3 a5 38. Qd3 Qe8 39. Kg1
Kf7 40. Rf2 Qa4 41. Rc2 Qa3 42. Qxa3 bxa3 43. Kf2 Ke7 44. Rh7 Rf7 45. Be2
Ba6 46. Bd3 Bf8 47. Bxg6 Rxh7 48. Bxh7 Kf7 49. g4 Be7 50. Bd3 Bh4+ 51. Ke2
Bd8 52. Rc1 Bb6 53. Rh1 Bxd4 54. Rh7+ Kf8 55. Rh8+ Kg7 56. Rh7+ Kf8 57. Rh6
Kf7 58. g5 Bc8 59. Rh7+ Kg8 60. Rc7 Ba6 61. Rc6 Bb5 62. Rxe6 Ba4 63. g6 Ne3
64. Ra6 Bb3 65. axb3 Ng2 66. Rxa5 Nxf4+ 67. Kd2 Bb2 68. Ra8+ Kg7 69. Ra7+
Kg8 70. Bf5 d4 71. e6 Nd5 72. e7 Nxe7 73. Rxe7 1-0

[Event "Ramadan Master Open"]
[Site "Abu Dhabi UAE"]
[Date "2010.08.13"]
[Round "2"]
[White "Grigoryan,Av"]
[Black "Sturua,Z"]
[Result "1/2-1/2"]
[WhiteElo "2584"]
[BlackElo "2512"]
[EventDate "2010.08.12"]

1. d4 Nf6 2. c4 e6 3. g3 d5 4. Nf3 dxc4 5. Bg2 c5 6. O-O Nc6 7. Qa4 Bd7 8.
Qxc4 Qb6 9. dxc5 Qxc5 10. Na3 Rc8 11. Bd2 Qb6 12. Qd3 Be7 13. Nc4 Qa6 14.
Nd6+ Bxd6 15. Qxd6 Ne4 16. Qf4 Nxd2 17. Qxd2 O-O 18. Ng5 Rfd8 19. Rfd1 Be8
20. Qc2 g6 21. Rxd8 Rxd8 22. Ne4 Kg7 23. e3 Qd3 24. Qxd3 Rxd3 25. Nc5 Rd2
26. Nxb7 Rxb2 27. Nd6 1/2-1/2

[Event "Ramadan Master Open"]
[Site "Abu Dhabi UAE"]
[Date "2010.08.13"]
[Round "2"]
[White "Tissir,M"]
[Black "Anastasian,A"]
[Result "0-1"]
[WhiteElo "2466"]
[BlackElo "2578"]
[EventDate "2010.08.12"]

1. e4 c5 2. Nc3 d6 3. Nf3 Nf6 4. d4 cxd4 5. Nxd4 a6 6. Bc4 e6 7. Bb3 Nbd7
8. O-O Nc5 9. Qf3 Be7 10. Re1 O-O 11. Qg3 Bd7 12. a3 Nxb3 13. cxb3 Rc8 14.
Bh6 Ne8 15. Rad1 Bh4 16. Qg4 f5 17. exf5 exf5 18. Qf3 gxh6 19. Ne6 Bxe6 20.
Rxe6 Qd7 21. Rxh6 Bd8 22. Nd5 Qg7 23. Rh3 Kh8 24. Nf4 Qg4 25. Re1 Qxf3 26.
gxf3 Rg8+ 27. Kf1 Bg5 28. Ne6 Bf6 29. f4 Nc7 30. Ng5 Bxg5 31. fxg5 Rce8 32.
Rxe8 Rxe8 33. g6 Re7 34. Rh5 Ne6 35. gxh7 Nd4 36. Rh6 Re6 37. Rh5 f4 38. b4
f3 39. h4 Re5 40. Rh6 d5 41. Rb6 Re7 42. Rd6 Nc2 43. Kg1 d4 44. Kh2 Rg7 45.
Kh3 Kxh7 46. a4 Rg6 47. Rd7+ Kh6 48. Rxb7 Rd6 49. b5 axb5 50. a5 d3 51. a6
d2 52. a7 d1=Q 53. a8=Q Qf1+ 54. Kg4 Rg6+ 55. Kxf3 Qd3+ 56. Kf4 Rf6+ 57.
Ke5 Qd4+ 0-1

[Event "Ramadan Master Open"]
[Site "Abu Dhabi UAE"]
[Date "2010.08.13"]
[Round "2"]
[White "Guseinov,G"]
[Black "AlHuwar,J"]
[Result "1/2-1/2"]
[WhiteElo "2611"]
[BlackElo "2311"]
[EventDate "2010.08.12"]

1. e4 e6 2. d4 d5 3. Nc3 dxe4 4. Nxe4 Nd7 5. Nf3 Ngf6 6. Nxf6+ Nxf6 7. c3
c5 8. Be3 Qc7 9. Ne5 a6 10. Qa4+ Nd7 11. Bb5 cxd4 12. Bxd7+ Bxd7 13. Qxd4
Bc6 14. Nxc6 bxc6 15. O-O-O Qb7 16. Rd2 c5 17. Qa4+ Qb5 18. Qxb5+ axb5 19.
Rhd1 f6 20. Rd7 b4 21. cxb4 cxb4 22. Kb1 g5 23. Rb7 h5 24. Rd3 Rg8 25. Bd2
Rg7 26. Rxg7 Bxg7 27. Bxb4 f5 28. Bc3 Bxc3 29. Rxc3 Kd7 30. b4 Kd6 31. Kb2
e5 32. Kb3 f4 33. b5 e4 34. a4 Kd5 35. Rc1 e3 36. fxe3 fxe3 37. Re1 Kd4 38.
Kb4 Kd3 39. b6 Kd2 40. Rb1 e2 41. Rb2+ Kd3 42. Rxe2 Kxe2 43. a5 Kf2 44. Kb5
Kxg2 45. a6 Kxh2 46. a7 g4 47. b7 Rxa7 48. b8=Q+ g3 49. Qxa7 h4 50. Kc4 h3
51. Qc7 Kh1 52. Qd7 h2 1/2-1/2

[Event "Ramadan Master Open"]
[Site "Abu Dhabi UAE"]
[Date "2010.08.13"]
[Round "2"]
[White "Arun Prasad,S"]
[Black "Omearat,A"]
[Result "1/2-1/2"]
[WhiteElo "2535"]
[BlackElo "2218"]
[EventDate "2010.08.12"]

1. d4 Nf6 2. c4 e6 3. g3 d5 4. Nf3 dxc4 5. Bg2 Bb4+ 6. Bd2 Be7 7. Qa4+ Bd7
8. Qxc4 Bc6 9. Nc3 Nbd7 10. O-O O-O 11. Qd3 a6 12. Rfe1 b5 13. a3 Bb7 14.
b4 Nb6 15. e4 Nc4 16. Qc2 Nd7 17. Bf4 Ndb6 18. h4 c6 19. e5 Nd5 20. Bg5 h6
21. Bxe7 Qxe7 22. Nd2 Nxd2 23. Qxd2 Nxc3 24. Qxc3 Rfd8 25. Red1 a5 26. Qc5
Kf8 27. a4 Rd7 28. axb5 cxb5 29. Bxb7 Rxb7 30. Rxa5 Rd8 31. Rc1 Rbd7 32.
Rxb5 Rxd4 33. Rb7 Rd1+ 34. Rxd1 Rxd1+ 35. Kg2 Qxc5 36. bxc5 Rc1 37. Rc7 Rc3
38. h5 Ke8 39. c6 Rc5 40. f4 Rc3 41. Rc8+ Ke7 42. Kf2 f5 43. exf6+ gxf6 44.
Rc7+ Kd6 45. Rh7 Rxc6 46. Rxh6 f5 47. Rh7 Rc2+ 48. Kf3 e5 49. Rh6+ Kd5 50.
Rf6 e4+ 51. Ke3 Rc3+ 52. Kf2 Rc2+ 53. Ke3 Rc3+ 54. Kf2 Rc2+ 1/2-1/2

[Event "Ramadan Master Open"]
[Site "Abu Dhabi UAE"]
[Date "2010.08.13"]
[Round "2"]
[White "Guliev,Sarh"]
[Black "Antonio,V"]
[Result "1-0"]
[WhiteElo "2485"]
[BlackElo "2208"]
[EventDate "2010.08.12"]

1. d4 Nf6 2. c4 g6 3. g3 Bg7 4. Bg2 O-O 5. Nf3 d6 6. O-O Nbd7 7. Nc3 e5 8.
Qc2 Re8 9. Rd1 a5 10. e4 exd4 11. Nxd4 Nc5 12. Be3 Nfd7 13. b3 c6 14. h3
Qe7 15. Re1 Nf8 16. Rad1 h5 17. Qd2 Be6 18. f4 Rad8 19. Bf2 Bc8 20. Kh2
Nfe6 21. Nd5 cxd5 22. exd5 Qf6 23. dxe6 Bxe6 24. Nxe6 Nxe6 25. h4 a4 26.
Bb6 Ra8 27. Qxd6 axb3 28. axb3 Ra2 29. Rd2 Bf8 30. Qd7 Rea8 31. Ree2 Rxd2
32. Rxd2 Ra3 33. Rd3 Ra2 34. Be3 b6 35. Rd2 Nc5 36. Qd8 Qxd8 37. Rxd8 Rb2
38. f5 gxf5 39. Bh6 Ne6 40. Rb8 Rxb3 41. c5 b5 42. Bd5 Rb2+ 43. Kh3 Ng7 44.
c6 Rc2 45. Bf4 Ne6 46. Bxe6 1-0

[Event "Ramadan Master Open"]
[Site "Abu Dhabi UAE"]
[Date "2010.08.13"]
[Round "2"]
[White "Raetsky,A"]
[Black "Ibrahim,I UAE"]
[Result "1/2-1/2"]
[WhiteElo "2442"]
[BlackElo "2157"]
[EventDate "2010.08.12"]

1. d4 Nf6 2. c4 g6 3. Nc3 d5 4. cxd5 Nxd5 5. e4 Nxc3 6. bxc3 Bg7 7. Nf3 c5
8. Rb1 O-O 9. Be2 Nc6 10. d5 Bxc3+ 11. Bd2 Bxd2+ 12. Qxd2 Nd4 13. Nxd4 cxd4
14. Qxd4 e5 15. Qd2 f5 16. exf5 Bxf5 17. Rxb7 Be4 18. Qh6 Qa5+ 19. Kf1
Bxg2+ 20. Kg1 Qe1+ 21. Kxg2 Qxf2+ 22. Kh3 Rf3+ 23. Bxf3 Qxf3+ 24. Kh4 Qf2+
1/2-1/2

[Event "Ramadan Master Open"]
[Site "Abu Dhabi UAE"]
[Date "2010.08.13"]
[Round "2"]
[White "Sarwat,W"]
[Black "Narayanan,Sr"]
[Result "0-1"]
[WhiteElo "2379"]
[BlackElo "2409"]
[EventDate "2010.08.12"]

1. c4 c5 2. g3 Nc6 3. Bg2 g6 4. Nc3 Bg7 5. e3 Nh6 6. Nge2 Nf5 7. a3 Rb8 8.
Rb1 a5 9. Nb5 Qb6 10. Nec3 Qd8 11. b3 O-O 12. Bb2 e6 13. Qc2 b6 14. h4 Bb7
15. Ne4 d5 16. Bxg7 Kxg7 17. Qb2+ f6 18. Ng5 Re8 19. Nf3 dxc4 20. bxc4 Ne5
21. Nxe5 Bxg2 22. Rg1 Ba8 23. Ng4 e5 24. Qc3 Qd7 25. Nh2 Nd4 26. g4 Rbd8
27. Rg3 a4 28. f3 Bc6 29. g5 f5 30. Nxd4 exd4 31. Qb2 f4 32. Rg4 fxe3 33.
Qxb6 exd2+ 34. Kxd2 Qe7 35. Re4 Bxe4 36. fxe4 Rb8 37. Qf6+ Qxf6 38. gxf6+
Kxf6 39. Ng4+ Kg7 40. Rxb8 Rxb8 41. Ne5 Re8 42. Nd7 Rxe4 43. Nxc5 Rxh4 44.
Nxa4 Rh3 45. Nc5 Kf7 46. a4 Ra3 47. Kc2 Rc3+ 48. Kb2 Rxc4 0-1

[Event "Ramadan Master Open"]
[Site "Abu Dhabi UAE"]
[Date "2010.08.13"]
[Round "2"]
[White "Khouri,I"]
[Black "Gabuzyan,H"]
[Result "0-1"]
[WhiteElo "2208"]
[BlackElo "2261"]
[EventDate "2010.08.12"]

1. e4 c5 2. Nf3 d6 3. d4 cxd4 4. Qxd4 a6 5. Bg5 Nc6 6. Qd2 h6 7. Bh4 g5 8.
Bg3 Bg7 9. Nc3 Qb6 10. Rb1 Nf6 11. Nd5 Nxd5 12. exd5 Nd4 13. Nxd4 Qxd4 14.
Qxd4 Bxd4 15. c3 Bf5 16. Rd1 Bf6 17. f3 g4 18. Bd3 Bxd3 19. Rxd3 Rg8 20.
O-O Kd7 21. fxg4 Rxg4 22. Rf4 Rag8 23. Kf2 h5 24. h3 R4g7 25. h4 Be5 26.
Rff3 f6 27. Rfe3 Rg4 28. b3 b5 29. c4 Bd4 0-1

[Event "Ramadan Master Open"]
[Site "Abu Dhabi UAE"]
[Date "2010.08.13"]
[Round "2"]
[White "Malakhatko,V"]
[Black "Koohestani,S"]
[Result "1-0"]
[WhiteElo "2576"]
[BlackElo "2345"]
[EventDate "2010.08.12"]

1. d4 Nf6 2. c4 e6 3. Nf3 b6 4. g3 Bb7 5. Bg2 Be7 6. O-O O-O 7. Nc3 Ne4 8.
Bd2 Bf6 9. Rc1 c5 10. d5 exd5 11. cxd5 Nxd2 12. Nxd2 d6 13. Nde4 Be7 14. f4
Nd7 15. Qd2 Re8 16. Rfe1 a6 17. a4 Bf8 18. e3 g6 19. g4 Nf6 20. Nf2 Bg7 21.
g5 Nd7 22. Nce4 Qe7 23. b4 Rac8 24. Ng4 f5 25. gxf6 Nxf6 26. Ngxf6+ Bxf6
27. a5 Bh4 28. axb6 Bxe1 29. Rxe1 cxb4 30. Qd4 Qh4 31. Rf1 Rxe4 32. Qxe4
Qg4 33. h3 Qg3 34. f5 Qe5 35. Qxe5 dxe5 36. d6 e4 37. fxg6 hxg6 38. Rf4 Rd8
39. Bxe4 Bxe4 40. Rxe4 a5 41. b7 b3 42. d7 Kf7 43. Re8 b2 44. b8=Q 1-0

[Event "Ramadan Master Open"]
[Site "Abu Dhabi UAE"]
[Date "2010.08.13"]
[Round "2"]
[White "Sharbaf,M"]
[Black "Salem,Gh"]
[Result "1-0"]
[WhiteElo "2370"]
[BlackElo "2302"]
[EventDate "2010.08.12"]

1. Nf3 d5 2. d4 Nf6 3. Bf4 e6 4. e3 Be7 5. Nc3 a6 6. Bd3 b5 7. a3 Bb7 8.
Ne5 Nbd7 9. b4 O-O 10. Qf3 Nxe5 11. Bxe5 Nd7 12. Qh3 f5 13. f4 Nxe5 14.
fxe5 Bh4+ 15. g3 Bg5 16. Kd2 a5 17. g4 g6 18. gxf5 exf5 19. Ne2 axb4 20.
axb4 c6 21. Rxa8 Bxa8 22. Nf4 Qe7 23. c3 Bb7 24. Rg1 Bc8 25. Qg3 Bxf4 26.
exf4 Be6 27. h4 Qg7 28. h5 Kf7 29. Qg5 Ra8 30. Be2 Ra2+ 31. Kd3 Ra7 32.
hxg6+ hxg6 33. Bh5 1-0

[Event "Ramadan Master Open"]
[Site "Abu Dhabi UAE"]
[Date "2010.08.13"]
[Round "2"]
[White "Faisal,Ab"]
[Black "Ankit,R"]
[Result "1/2-1/2"]
[WhiteElo "2282"]
[BlackElo "2362"]
[EventDate "2010.08.12"]

1. e4 c5 2. Nf3 d6 3. d4 cxd4 4. Qxd4 Nc6 5. Bb5 Bd7 6. Bxc6 Bxc6 7. Nc3
Nf6 8. Bg5 e6 9. O-O-O Be7 10. Qd3 a6 11. Nd4 Rc8 12. f4 h6 13. Bh4 Nd7 14.
Bxe7 Qxe7 15. h4 Nc5 16. Qf3 O-O 17. g4 f5 18. Nxc6 bxc6 19. g5 fxe4 20.
Nxe4 Nxe4 21. Qxe4 d5 22. Qe3 Qd6 23. gxh6 Qxf4 24. Qxf4 Rxf4 25. Rdg1 Rc7
26. Rg6 e5 27. Rhg1 Rxh4 28. hxg7 1/2-1/2

[Event "Ramadan Master Open"]
[Site "Abu Dhabi UAE"]
[Date "2010.08.13"]
[Round "2"]
[White "El Arousy,A"]
[Black "Khademalsharieh,S"]
[Result "1/2-1/2"]
[WhiteElo "2251"]
[BlackElo "2097"]
[EventDate "2010.08.12"]

1. d4 Nf6 2. c4 e6 3. Nf3 b6 4. a3 Bb7 5. Nc3 d5 6. Bg5 Be7 7. e3 O-O 8.
cxd5 exd5 9. Bd3 Nbd7 10. O-O c5 11. Qe2 Ne4 12. Bxe7 Qxe7 13. Rac1 Rac8
14. dxc5 Ndxc5 15. Nd4 Ne6 16. Nxe6 Qxe6 17. Nb5 Rxc1 18. Rxc1 Nc5 19. Nd4
Qf6 20. Bb5 Ne6 21. Qf3 Qe5 22. Qf5 Qd6 23. Qd3 Nxd4 24. Qxd4 Rc8 25. Rxc8+
Bxc8 26. Bc4 Bb7 27. e4 Qf4 28. Bf1 Qxe4 29. Qxe4 dxe4 30. Bc4 Kf8 31. Kf1
f5 32. h4 Ke7 33. Ke2 Kd6 34. Ke3 Ke5 35. g3 Bd5 36. Be2 g6 37. Bb5 h6 38.
Be8 g5 39. hxg5 hxg5 40. Bh5 f4+ 41. gxf4+ gxf4+ 42. Kd2 Kd4 43. Bg4 Bc4
44. Bd1 a5 45. Bc2 b5 46. Bd1 f3 47. Bc2 a4 48. Bb1 Bb3 49. Ke1 e3 50. Bf5
Bc4 51. Bg6 Be2 52. Bf5 Bd3 53. Bd7 Bc4 54. Bf5 Bd5 55. Bd7 Bc4 56. Bf5 Be2
57. Bg6 exf2+ 58. Kxf2 Bd1 59. Bf5 Kc4 60. Be6+ Kd3 61. Bd7 Kc2 62. Bxb5
Kxb2 63. Bxa4 1/2-1/2

[Event "Ramadan Master Open"]
[Site "Abu Dhabi UAE"]
[Date "2010.08.14"]
[Round "3"]
[White "Anastasian,A"]
[Black "Amin,B"]
[Result "1/2-1/2"]
[WhiteElo "2578"]
[BlackElo "2568"]
[EventDate "2010.08.12"]

1. d4 Nf6 2. c4 e6 3. Nc3 Bb4 4. Qc2 O-O 5. a3 Bxc3+ 6. Qxc3 d5 7. Bg5 dxc4
8. Qxc4 b6 9. Rd1 Ba6 10. Qc2 h6 11. Bh4 Nbd7 12. e4 Bxf1 13. Kxf1 Qc8 14.
Qc6 Qa6+ 15. Ne2 Rac8 16. f3 Rfd8 17. Bxf6 Nxf6 18. Kf2 Rd6 19. Qc2 Rd7 20.
Rd2 c5 21. dxc5 Rxc5 22. Nc3 Rcc7 23. Rhd1 Qc4 24. Qa4 Rxd2+ 25. Rxd2 Qxa4
26. Nxa4 Kf8 27. Nc3 Ke7 28. Ke3 a6 29. Rc2 Kd8 30. Rc1 Nd7 31. f4 b5 32.
Ne2 Nb6 33. Rxc7 Kxc7 34. b3 Kc6 35. Kd4 Nd7 36. Nc1 Nc5 37. b4 Nd7 38. Nd3
f6 39. e5 f5 40. g3 Kb6 41. Ne1 Nb8 42. Nf3 Nc6+ 43. Kc3 a5 44. Ne1 axb4+
45. axb4 g5 46. Nd3 gxf4 47. Nxf4 Nxe5 48. Nxe6 Ng4 49. h4 Nf6 50. Kd4 Nh5
51. Ke5 Nxg3 52. Nd4 h5 53. Kf4 Ne4 54. Kxf5 Nc3 55. Kg5 Nd5 56. Nc2 Kc6
57. Kxh5 Kd6 58. Kg6 Ke5 59. Na3 Nf4+ 60. Kf7 Kf5 61. Nxb5 Nd5 62. Nd6+ Kg4
63. b5 Kxh4 64. Nf5+ Kg5 65. Ne7 Nb6 66. Ke6 Na4 67. Kd6 Kf6 68. Nd5+ Kf7
69. Kd7 Kf8 70. Nf4 Nb6+ 71. Kc6 Na4 72. Nd5 Ke8 73. Kc7 Kf7 74. Kd7 Kf8
75. Kd6 Ke8 76. Kc7 Kf7 77. Kd7 1/2-1/2

[Event "Ramadan Master Open"]
[Site "Abu Dhabi UAE"]
[Date "2010.08.14"]
[Round "3"]
[White "Narayanan,Sr"]
[Black "Grigoryan,Av"]
[Result "1/2-1/2"]
[WhiteElo "2409"]
[BlackElo "2584"]
[EventDate "2010.08.12"]

1. e4 c6 2. c4 g6 3. d4 Bg7 4. Nc3 d6 5. h3 Nf6 6. Nf3 O-O 7. Bg5 a6 8. a4
a5 9. Rc1 Na6 10. Bd3 e5 11. O-O exd4 12. Nxd4 Re8 13. Qf3 h6 14. Bh4 Nc5
15. Bc2 Ncd7 16. Rcd1 Qb6 17. b3 Nh5 18. Nde2 Ne5 19. Qe3 Qxe3 20. fxe3 Bf8
21. Nf4 Ng7 22. Bg3 Ne6 23. Nxe6 Rxe6 24. Rf2 b6 25. Ne2 Re8 26. Nd4 Bd7
27. Rdf1 Ra7 28. Rf6 Rc7 29. Nf3 Bc8 30. Nd4 Be7 31. Bxe5 dxe5 32. Rxc6 Rd7
33. Nb5 Bc5 34. Nc7 Red8 35. Nd5 Bb7 36. Nf6+ Kg7 37. Nxd7 Bxe3+ 38. Kh1
Bxc6 39. Nxe5 Be8 40. Ng4 Bg5 41. Rd1 Rxd1+ 1/2-1/2

[Event "Ramadan Master Open"]
[Site "Abu Dhabi UAE"]
[Date "2010.08.14"]
[Round "3"]
[White "Sturua,Z"]
[Black "Gabuzyan,H"]
[Result "1/2-1/2"]
[WhiteElo "2512"]
[BlackElo "2261"]
[EventDate "2010.08.12"]

1. d4 Nf6 2. Nf3 g6 3. c4 c5 4. Nc3 Bg7 5. e4 O-O 6. Be2 cxd4 7. Nxd4 Nc6
8. Nc2 d6 9. O-O a6 10. Be3 Be6 11. Rc1 Rc8 12. b3 Qa5 13. Bd2 Nd7 14. Nd5
Qd8 15. Kh1 Nc5 16. f3 f5 17. exf5 Bxf5 18. Bg5 h6 19. Be3 e6 20. Ndb4 Nxb4
21. Nxb4 Bb2 22. Bxh6 Rf7 23. Qd2 Bxc1 24. Rxc1 Rh7 25. Bg5 Qb6 26. Rd1 a5
27. Nc2 a4 28. b4 Na6 29. Be3 Qd8 30. Nd4 Qh4 31. Bg1 Rd8 32. a3 Nc7 33. g4
e5 34. gxf5 exd4 35. fxg6 Re7 36. Bd3 Rde8 37. Qf2 Qh5 38. Qg3 Rf8 39. Qg4
Qxg4 40. fxg4 Ne6 41. Be4 Rf4 42. Bd5 Kg7 43. h3 Kxg6 44. Kg2 Ng5 45. Kg3
Rf8 46. Bxd4 Ne4+ 47. Kg2 Ng5 48. h4 Re2+ 49. Kg3 Ne4+ 50. Bxe4+ Rxe4 51.
Bb6 Rff4 52. Rxd6+ Kf7 53. Rd7+ Kg8 54. Rd8+ Kf7 1/2-1/2